Eyewitness Kashmir : teetering on nuclear war /

Bibliographic Details
Main Author: Joshi, Arun, 1957-
Format: Book
Language:English
Published: New Delhi : India Research Press, 2007.
Edition:[Rev. ed.].
Subjects:

MARC

Tag First Indicator Second Indicator Subfields
LEADER 00000cam a2200000Ia 4500
001 in00002398103
005 20151109063338.0
008 061209s2007 ii b 000 0 eng d
020 |a 9788183860048 
020 |a 8183860044 
035 |a (OCoLC)ocn150352771 
035 |a (OCoLC)150352771 
040 |a BTCTA  |c BTCTA  |d BAKER  |d YDXCP  |d TXA  |d UtOrBLW 
043 |a a-ii---  |a a-pk--- 
049 |a TXAM 
090 |a DS485.K27  |b J665 2007 
100 1 |a Joshi, Arun,  |d 1957- 
245 1 0 |a Eyewitness Kashmir :  |b teetering on nuclear war /  |c Arun Joshi. 
250 |a [Rev. ed.]. 
264 1 |a New Delhi :  |b India Research Press,  |c 2007. 
300 |a xxxx, 372 pages :  |b illustrations ;  |c 23 cm. 
336 |a text  |b txt  |2 rdacontent 
337 |a unmediated  |b n  |2 rdamedia 
338 |a volume  |b nc  |2 rdacarrier 
504 |a Includes bibliographical references (pages [369]-372). 
651 0 |a Jammu and Kashmir (India)  |x Politics and government. 
650 0 |a Nuclear warfare  |z India  |z Jammu and Kashmir. 
651 0 |a Jammu and Kashmir (India)  |x History  |x Autonomy and independence movements. 
651 0 |a India  |x Foreign relations  |z Pakistan. 
651 0 |a Pakistan  |x Foreign relations  |z India. 
938 |a Baker and Taylor  |b BTCP  |n BK0006788336 
938 |a Baker & Taylor  |b BKTY  |c 32.95  |d 32.95  |i 8183860044  |n 0006788336  |s active 
938 |a YBP Library Services  |b YANK  |n 2455202 
945 |a PromptCat  |b 431587 
946 |a stk 
947 |a A14836790460 
994 |a C0  |b TXA 
948 |a cataloged  |b h  |c 2008/6/13  |d c  |e nbehmer  |f 10:53:50 am 
999 |a MARS 
999 f f |s 938fa701-268c-3adb-9ccf-184226bf1582  |i 333b4166-f7a5-36ba-9d12-5012376d4c62  |t 0 
952 f f |p ric  |a Texas A&M University  |b Rellis Campus  |c Joint Library Facility  |d Remote Storage  |t 0  |e DS485.K27 J665 2007  |h Library of Congress classification  |i unmediated -- volume  |m A14836790460 
998 f f |a DS485.K27 J665 2007  |t 0  |l Remote Storage